000
00264nam a2200109Ia 4500
008
220204s9999 xx 000 0 und d
082
_a
82-3
_b
MAN
100
_a
Manohar Malgonkar
245
0
_a
Bandicoot run
260
_a
Delhi
_b
Orient Paperbacks
_c
1982
942
_c
BK
999
_c
38678
_d
38678